El crisol de la familia
Saved in:
| Main Authors: | , |
|---|---|
| Format: | Book |
| Language: | Spanish |
| Published: |
Buenos Aires
Amorrortu
1982
|
| Series: | Biblioteca de psicología y psicoanálisis
|
| Subjects: | |
| Tags: |
Add Tag
No Tags, Be the first to tag this record!
|
MARC
| LEADER | 00000nam a2200000 a 4500 | ||
|---|---|---|---|
| 001 | UCW6076 | ||
| 003 | CL-VaPUC | ||
| 008 | 911009e19820000AG |||||||||||||||||spa|d | ||
| 082 | 0 | 4 | |a 616.89156 |b NAP |2 21 |
| 100 | |a Napier, Augustus |e autor |9 311030 | ||
| 700 | 0 | |a Whitaker, Carl A |e author |9 311031 | |
| 245 | 1 | 3 | |a El crisol de la familia |
| 300 | |a 312 p | ||
| 942 | |c BK | ||
| 945 | |d 19911009 00:00:00 | ||
| 260 | |a Buenos Aires |b Amorrortu |c 1982 | ||
| 650 | 0 | |a Psicoterapia familiar |9 310747 | |
| 583 | |a last modification |c 19911009 00:00:00 |k Rodrigo Vera | ||
| 490 | 0 | |a Biblioteca de psicología y psicoanálisis | |
| 999 | |c 219244 |d 219242 | ||
| 952 | |0 0 |1 0 |4 0 |6 616_891560000000000_NAP_1982 |7 0 |8 A |9 209915 |a BIBEDU |b BIBEDU |d 2019-11-15 |i 2780127 |o 616.89156 NAP 1982 |p 2780127 |r 2019-11-15 |w 2019-11-15 |y BK |k EDU | ||
| 952 | |0 0 |1 0 |4 0 |6 616_891560000000000_NAP_1982 |7 0 |8 A |9 209916 |a BIBEDU |b BIBEDU |d 2019-11-15 |i 3121364 |o 616.89156 NAP 1982 |p 3121364 |r 2019-11-15 |w 2019-11-15 |y BK |k PSI | ||